[Event "4NCL Division 2a"]
[Site "Reading, ENG"]
[Date "2016.11.19"]
[Round "1.28"]
[White "Meadows, Michael"]
[Black "Frostick, Helen M"]
[Result "1/2-1/2"]
[WhiteElo "1961"]
[BlackElo "1727"]
[PlyCount "149"]
[EventDate "2016.11.19"]
[WhiteTeam "Downend & Fishponds"]
[BlackTeam "CSC Dragons"]

1. e4 c5 2. Nf3 Nc6 3. d4 cxd4 4. Nxd4 Nf6 5. Nc3 d6 6. Bg5 Qa5 7. Bxf6 gxf6 8.
Bb5 Bd7 9. a3 a6 10. b4 Qb6 11. Nd5 Qxd4 12. Bxc6 Qxe4+ 13. Qe2 Qxe2+ 14. Kxe2
Rb8 15. Bxd7+ Kxd7 16. c4 Bg7 17. Rad1 e6 18. Ne3 Ke7 19. Rhe1 Rhd8 20. f4 f5
21. Kf3 Kf8 22. g4 fxg4+ 23. Kxg4 Rbc8 24. Re2 b5 25. Rc2 bxc4 26. Rxc4 d5 27.
Rxc8 Rxc8 28. Nxd5 exd5 29. Rxd5 Rc3 30. Ra5 Rc6 31. Rd5 Ke7 32. a4 Ke6 33. Rh5
h6 34. b5 axb5 35. axb5 Rb6 36. Rc5 Kd6 37. Rf5 Ke7 38. Rc5 Bd4 39. Rd5 Bg1 40.
h3 Kf6 41. Rf5+ Kg7 42. Rd5 Rf6 43. f5 Be3 44. Re5 Bf2 45. Rd5 Rb6 46. Re5 f6
47. Rd5 Be3 48. Kf3 Bg1 49. Kg4 Kf7 50. Kh5 Be3 51. Kg4 Ke7 52. Kf3 Bg5 53. Ke4
h5 54. Rc5 Kd6 55. Rd5+ Kc7 56. Rc5+ Kb7 57. Rd5 Ka7 58. Kd4 Rb7 59. Kc4 Rc7+
60. Kb4 Rc1 61. Rd7+ Kb6 62. Rd6+ Kc7 63. Re6 Rh1 64. Kc5 Rxh3 65. b6+ Kd7 66.
Rd6+ Ke7 67. Re6+ Kf7 68. b7 Rb3 69. Kc6 Bf4 70. Re4 Be5 71. Rh4 Rg3 72. Rxh5
Rg5 73. Rh7+ Kg8 74. Re7 Bh2 75. Re2 1/2-1/2

[Event "4NCL Division 2a"]
[Site "Reading, ENG"]
[Date "2016.11.19"]
[Round "1.31"]
[White "Purton, Ben J"]
[Black "Richardson, John R"]
[Result "1/2-1/2"]
[WhiteElo "2108"]
[BlackElo "2290"]
[PlyCount "53"]
[EventDate "2016.11.19"]
[WhiteTeam "Grantham Sharks 2"]
[BlackTeam "The ADs"]

1. e4 c6 2. c4 d5 3. exd5 cxd5 4. cxd5 Nf6 5. Nc3 Nxd5 6. Nf3 Nc6 7. Bb5 e6 8.
O-O Be7 9. Re1 O-O 10. d4 Bd7 11. Bc4 Nxc3 12. bxc3 Bf6 13. Rb1 Ne7 14. Ne5 Bc6
15. Nxc6 bxc6 16. Ba3 Qa5 17. Bb4 Qc7 18. Qa4 Rfe8 19. Qa5 Qf4 20. g3 Qg4 21.
Be2 Qg6 22. Bxe7 Rxe7 23. Bf3 Rc8 24. Be4 Qg5 25. Qxg5 Bxg5 26. f4 Bf6 27. Bxc6
1/2-1/2

[Event "4NCL Division 2a"]
[Site "Reading, ENG"]
[Date "2016.11.19"]
[Round "1.32"]
[White "Rich, Mark C"]
[Black "Tavares, Shawn P"]
[Result "0-1"]
[WhiteElo "2192"]
[BlackElo "2143"]
[PlyCount "60"]
[EventDate "2016.11.19"]
[WhiteTeam "The ADs"]
[BlackTeam "Grantham Sharks 2"]

1. e4 c5 2. Nc3 e6 3. f4 b6 4. Nf3 Bb7 5. d4 cxd4 6. Nxd4 Bb4 7. Bd3 Nf6 8. Qe2
O-O 9. Bd2 Bc5 10. Nb3 Nc6 11. e5 Ne8 12. Ne4 Be7 13. Bc3 Nb4 14. Bxb4 Bxb4+
15. c3 Be7 16. O-O-O d5 17. exd6 Nxd6 18. Rhf1 Nxe4 19. Bxe4 Qc7 20. Bxb7 Qxb7
21. f5 exf5 22. Rxf5 a5 23. Rfd5 a4 24. Na1 a3 25. b3 Bf6 26. Kb1 Bxc3 27. Nc2
g6 28. h4 Bg7 29. Nb4 Rfe8 30. Qb5 Qe7 0-1

[Event "4NCL Division 2a"]
[Site "Reading, ENG"]
[Date "2016.11.19"]
[Round "1.33"]
[White "Varnam, Liam D"]
[Black "Prizant, Michael"]
[Result "1-0"]
[WhiteElo "2123"]
[BlackElo "2140"]
[PlyCount "109"]
[EventDate "2016.11.19"]
[WhiteTeam "Grantham Sharks 2"]
[BlackTeam "The ADs"]

1. e4 d5 2. exd5 Qxd5 3. Nc3 Qd6 4. d4 Nf6 5. Nf3 a6 6. a4 Bg4 7. Be2 Nbd7 8.
O-O e6 9. Be3 c6 10. Nd2 Bxe2 11. Qxe2 Be7 12. Nce4 Qc7 13. c4 Nxe4 14. Nxe4
O-O 15. g3 Nf6 16. f3 e5 17. Nxf6+ Bxf6 18. d5 cxd5 19. cxd5 Qa5 20. Rfd1 Rfd8
21. d6 Rd7 22. Qc4 e4 23. fxe4 Bxb2 24. Rab1 Qc3 25. Qxc3 Bxc3 26. Rbc1 Be5 27.
Rd5 f6 28. Bf4 Rad8 29. Bxe5 fxe5 30. Rxe5 Rxd6 31. Re7 R6d7 32. Re6 Rd1+ 33.
Rxd1 Rxd1+ 34. Kg2 Ra1 35. Rb6 Rxa4 36. Kf3 Kf7 37. Rxb7+ Kf6 38. h4 a5 39. e5+
Kxe5 40. Rxg7 Kf5 41. Rxh7 Ra3+ 42. Kg2 a4 43. Rh5+ Kf6 44. Ra5 Ra1 45. Kh3 a3
46. Kg4 a2 47. Rf5+ Kg7 48. Rf2 Kh6 49. Kf4 Kg6 50. g4 Kh7 51. Kg5 Kg7 52. h5
Kg8 53. h6 Kh7 54. Rf7+ Kh8 55. Kg6 1-0

[Event "4NCL Division 2a"]
[Site "Reading, ENG"]
[Date "2016.11.19"]
[Round "1.34"]
[White "Anderton, David W"]
[Black "Birtwistle, Nigel"]
[Result "0-1"]
[WhiteElo "2132"]
[BlackElo "2110"]
[PlyCount "80"]
[EventDate "2016.11.19"]
[WhiteTeam "The ADs"]
[BlackTeam "Grantham Sharks 2"]

1. d4 Nf6 2. c4 g6 3. g3 c5 4. Nf3 Bg7 5. Bg2 O-O 6. Nc3 cxd4 7. Nxd4 Qc7 8. b3
d5 9. Ndb5 Qa5 10. Bd2 dxc4 11. bxc4 Nc6 12. Nd5 Qd8 13. Rc1 a6 14. Nbc7 Rb8
15. Nxf6+ Bxf6 16. Nd5 Bb2 17. Rb1 Bg7 18. O-O Bf5 19. e4 Bd7 20. Be3 b5 21.
cxb5 Rxb5 22. Rxb5 axb5 23. Qd2 Re8 24. Rd1 Bg4 25. f3 Be6 26. Bc5 Bxd5 27.
exd5 Ne5 28. Qb4 Qd7 29. f4 Nc4 30. a4 Nb2 31. Rb1 Nd3 32. Qa3 Nxc5 33. Qxc5
bxa4 34. Qc6 Qa7+ 35. Kh1 Rb8 36. Rxb8+ Qxb8 37. Be4 a3 38. Qc2 Qa7 39. Qa2 Qd4
40. Bc2 Qf2 0-1

[Event "4NCL Division 2a"]
[Site "Reading, ENG"]
[Date "2016.11.19"]
[Round "1.35"]
[White "Murphy, Hugh W"]
[Black "Stockwell, Mark B"]
[Result "0-1"]
[WhiteElo "2105"]
[BlackElo "2095"]
[PlyCount "94"]
[EventDate "2016.11.19"]
[WhiteTeam "Grantham Sharks 2"]
[BlackTeam "The ADs"]

1. d4 Nf6 2. Nf3 g6 3. Bf4 Bg7 4. e3 O-O 5. Be2 d6 6. O-O Nbd7 7. h3 e6 8. c4
Qe7 9. Nc3 e5 10. Bh2 Re8 11. b4 e4 12. Nd2 Nf8 13. c5 dxc5 14. bxc5 b6 15.
cxb6 axb6 16. Nb5 Ne6 17. Bc4 Ba6 18. Qb3 Bxb5 19. Bxb5 Red8 20. Bc6 Ra5 21.
Qc2 Nd5 22. Qxe4 Nc3 23. Qd3 Nxd4 24. exd4 Ne2+ 25. Kh1 Rxd4 26. Qf3 Rxd2 27.
Rae1 Raxa2 28. Bb5 Bh6 29. Qb7 Qc5 30. Qc8+ Bf8 31. Bxe2 Rxe2 32. Rxe2 Rxe2 33.
Qxc7 Rxf2 34. Rd1 Qxc7 35. Bxc7 Bc5 36. Rd8+ Kg7 37. Rb8 Kf6 38. g4 Rb2 39. Rh8
b5 40. Rxh7 b4 41. g5+ Ke6 42. Rh4 b3 43. Re4+ Kd5 44. Re1 Bd4 45. Rd1 Ra2 46.
Bb6 Ra1 47. Rxa1 Bxa1 0-1

[Event "4NCL Division 2a"]
[Site "Reading, ENG"]
[Date "2016.11.19"]
[Round "1.36"]
[White "Arkell, Nicholas D"]
[Black "Kafka, Graeme"]
[Result "1-0"]
[WhiteElo "2080"]
[BlackElo "2061"]
[PlyCount "55"]
[EventDate "2016.11.19"]
[WhiteTeam "The ADs"]
[BlackTeam "Grantham Sharks 2"]

1. d4 d5 2. Nf3 Nf6 3. c4 c6 4. Qc2 dxc4 5. Qxc4 Bg4 6. Nbd2 Nbd7 7. h3 Bxf3 8.
Nxf3 e6 9. e3 Ne4 10. a3 Bd6 11. Bd3 Ndf6 12. O-O Bc7 13. b3 O-O 14. a4 h6 15.
Ba3 Re8 16. Rad1 Qd5 17. Nd2 Rac8 18. Qc2 Nxd2 19. Rxd2 Qg5 20. f4 Qh4 21. Re2
Nh5 22. Rf3 Ng3 23. Ref2 g5 24. fxg5 Qxg5 25. Bc1 Qg7 26. Rxf7 Ne2+ 27. Bxe2
Qg3 28. Qh7# 1-0

[Event "4NCL Division 2a"]
[Site "Reading, ENG"]
[Date "2016.11.19"]
[Round "1.37"]
[White "Batchelor, Guy J"]
[Black "Bellin, Jana M"]
[Result "0-1"]
[WhiteElo "1952"]
[BlackElo "2035"]
[PlyCount "80"]
[EventDate "2016.11.19"]
[WhiteTeam "Grantham Sharks 2"]
[BlackTeam "The ADs"]

1. e4 c5 2. Nc3 Nc6 3. g3 g6 4. Bg2 Bg7 5. Nge2 d6 6. O-O e6 7. d3 Nge7 8. Bg5
O-O 9. Qd2 Nd4 10. Nxd4 cxd4 11. Ne2 f6 12. Bh6 e5 13. Bxg7 Kxg7 14. c3 Qa5 15.
a4 Bg4 16. f3 Be6 17. b4 dxc3 18. Qxc3 Qb6+ 19. Kh1 Rac8 20. Qd2 Nc6 21. Rab1
Nd4 22. Nxd4 Qxd4 23. Qf2 Rc3 24. Qxd4 exd4 25. f4 Rxd3 26. Rbd1 Rxd1 27. Rxd1
Rc8 28. Bf1 Bc4 29. Bh3 Be2 30. Bxc8 Bxd1 31. Kg2 Bxa4 32. Kf3 Bc6 33. b5 Bxb5
34. Bxb7 a5 35. Bd5 a4 36. g4 Bd3 37. Ba2 Bc2 38. g5 Bb3 39. Bb1 fxg5 40. fxg5
a3 0-1

[Event "4NCL Division 2a"]
[Site "Reading, ENG"]
[Date "2016.11.19"]
[Round "1.38"]
[White "Ahluwalia, Amardip"]
[Black "Munshi, Aditya"]
[Result "1/2-1/2"]
[WhiteElo "1986"]
[BlackElo "1699"]
[PlyCount "99"]
[EventDate "2016.11.19"]
[WhiteTeam "The ADs"]
[BlackTeam "Grantham Sharks 2"]

1. e4 c5 2. Nc3 Nc6 3. f4 g6 4. Nf3 Bg7 5. Bb5 Nd4 6. O-O a6 7. Bd3 d6 8. Nxd4
cxd4 9. Ne2 Nf6 10. Qe1 e5 11. c3 dxc3 12. dxc3 O-O 13. Qf2 Ng4 14. Qf3 exf4
15. Nxf4 Ne5 16. Qg3 Bd7 17. Rd1 Bc6 18. Nd5 Bxd5 19. exd5 Qd7 20. Bf4 b5 21.
Rac1 Rfc8 22. Be2 Qe7 23. Re1 Qa7+ 24. Qf2 Qb7 25. Rcd1 Re8 26. h3 Rac8 27. Rf1
Rc7 28. Bf3 Rce7 29. Bg5 f6 30. Bf4 f5 31. Bg3 Qc7 32. Bf4 h6 33. Bxe5 Bxe5 34.
Rde1 Kh7 35. Bd1 Qb7 36. Bf3 Rc8 37. Qd2 Qb6+ 38. Qf2 Qxf2+ 39. Kxf2 Rb7 40.
Be2 Rc5 41. Rd1 b4 42. Rb1 a5 43. Rfd1 Kg7 44. Kf1 bxc3 45. bxc3 Rxb1 46. Rxb1
Rxc3 47. Rb3 Rxb3 48. axb3 Bd4 49. Bf3 Kf6 50. Ke2 1/2-1/2

[Event "4NCL Division 2a"]
[Site "Reading, ENG"]
[Date "2016.11.19"]
[Round "1.41"]
[White "Paterson, Andrew I"]
[Black "Therrien, Alex L"]
[Result "1/2-1/2"]
[WhiteElo "2080"]
[BlackElo "2238"]
[PlyCount "65"]
[EventDate "2016.11.19"]
[WhiteTeam "Warwickshire Select 2"]
[BlackTeam "Sussex Martlets 1"]

1. c4 f5 2. d4 e6 3. g3 Nf6 4. Bg2 Be7 5. Nf3 O-O 6. O-O d6 7. Nc3 Ne4 8. Qc2
Nxc3 9. Qxc3 Bf6 10. Qc2 e5 11. dxe5 dxe5 12. e4 fxe4 13. Qxe4 Nc6 14. Be3 Qe7
15. Qd5+ Be6 16. Qb5 Rfb8 17. Nd2 Nd4 18. Qa5 c6 19. Rae1 Qf7 20. b3 Bg4 21. f3
Bd7 22. Qc3 Nf5 23. Ne4 Re8 24. Rd1 Bd8 25. Bf2 Bb6 26. c5 Bc7 27. Rd2 Qe7 28.
Rfd1 Red8 29. Bf1 Be6 30. Bc4 Rxd2 31. Rxd2 h6 32. Kg2 Qf7 33. Bxe6 1/2-1/2

[Event "4NCL Division 2a"]
[Site "Reading, ENG"]
[Date "2016.11.19"]
[Round "1.42"]
[White "Graham, David B"]
[Black "Page, Mark E"]
[Result "1-0"]
[WhiteElo "2160"]
[BlackElo "2110"]
[PlyCount "47"]
[EventDate "2016.11.19"]
[WhiteTeam "Sussex Martlets 1"]
[BlackTeam "Warwickshire Select 2"]

1. e4 c5 2. Nc3 a6 3. g3 b5 4. Bg2 Bb7 5. d3 e6 6. f4 Nf6 7. Nf3 Be7 8. O-O O-O
9. e5 Nd5 10. Ne4 f5 11. exf6 Nxf6 12. Qe2 Nc6 13. c3 Qc7 14. Be3 Na5 15. Ne5
Nd5 16. Bd2 c4 17. d4 Nc6 18. Rae1 Nxe5 19. fxe5 Rxf1+ 20. Rxf1 Rf8 21. Rxf8+
Bxf8 22. Qh5 g6 23. Qf3 Bc6 24. Ng5 1-0

[Event "4NCL Division 2a"]
[Site "Reading, ENG"]
[Date "2016.11.19"]
[Round "1.43"]
[White "Cooper, David M"]
[Black "Cumming, Rhys"]
[Result "0-1"]
[WhiteElo "2057"]
[BlackElo "2154"]
[PlyCount "68"]
[EventDate "2016.11.19"]
[WhiteTeam "Warwickshire Select 2"]
[BlackTeam "Sussex Martlets 1"]

1. c4 c5 2. g3 g6 3. Bg2 Bg7 4. Nc3 Nc6 5. e3 e6 6. Nge2 Nge7 7. O-O O-O 8. d4
cxd4 9. exd4 d5 10. cxd5 Nxd5 11. Nxd5 exd5 12. Qb3 Bg4 13. Nc3 Nxd4 14. Qxd5
Qxd5 15. Bxd5 Bf3 16. Bxf3 Nxf3+ 17. Kg2 Ne5 18. Rd1 Nc4 19. Rb1 Rad8 20. Bg5
Rxd1 21. Nxd1 h6 22. Be3 Nxe3+ 23. Nxe3 Rc8 24. Rd1 Bxb2 25. Rb1 Bd4 26. Rxb7
Bxe3 27. fxe3 Rc2+ 28. Kf3 Rxa2 29. h4 Kg7 30. Rc7 Ra6 31. g4 Kf6 32. g5+ hxg5
33. hxg5+ Kxg5 34. Rxf7 Rf6+ 0-1

[Event "4NCL Division 2a"]
[Site "Reading, ENG"]
[Date "2016.11.19"]
[Round "1.44"]
[White "Willson, Ollie"]
[Black "Roberts, Nick W"]
[Result "1-0"]
[WhiteElo "2053"]
[BlackElo "1954"]
[PlyCount "45"]
[EventDate "2016.11.19"]
[WhiteTeam "Sussex Martlets 1"]
[BlackTeam "Warwickshire Select 2"]

1. d4 Nf6 2. c4 g6 3. Nc3 d5 4. Bg5 Ne4 5. Bf4 Nxc3 6. bxc3 dxc4 7. Qa4+ Bd7 8.
Qxc4 Bc6 9. Nf3 Bg7 10. Ne5 O-O 11. e3 a6 12. Qb3 b5 13. Rc1 Bd5 14. c4 bxc4
15. Bxc4 c6 16. O-O Ra7 17. Nd3 e6 18. Rb1 Nd7 19. Rfc1 Re8 20. Nb4 Bf8 21.
Bxd5 cxd5 22. Nc6 Qa8 23. Nxa7 1-0

[Event "4NCL Division 2a"]
[Site "Reading, ENG"]
[Date "2016.11.19"]
[Round "1.45"]
[White "Charnley, Bernard J"]
[Black "Grant, David J"]
[Result "0-1"]
[WhiteElo "1962"]
[BlackElo "2064"]
[PlyCount "66"]
[EventDate "2016.11.19"]
[WhiteTeam "Warwickshire Select 2"]
[BlackTeam "Sussex Martlets 1"]

1. e4 c5 2. Nc3 e6 3. g3 Nc6 4. Bg2 a6 5. Nf3 Nf6 6. O-O d5 7. d3 Be7 8. e5 Nd7
9. Re1 b5 10. a3 Bb7 11. d4 cxd4 12. Ne2 Ncxe5 13. Nxe5 Nxe5 14. Nxd4 Nd7 15.
Qg4 O-O 16. Nxe6 fxe6 17. Qxe6+ Rf7 18. Bxd5 Bxd5 19. Qxd5 Nf6 20. Qb3 Qd5 21.
Qxd5 Nxd5 22. Re5 Rd8 23. Bg5 Bxg5 24. Rxg5 Nf6 25. c4 bxc4 26. Rc1 Ne4 27. Ra5
Rxf2 28. Rxa6 Rxb2 29. Re6 Ng5 30. Re3 Rdd2 31. h4 Rg2+ 32. Kh1 Rh2+ 33. Kg1
Nh3+ 0-1

[Event "4NCL Division 2a"]
[Site "Reading, ENG"]
[Date "2016.11.19"]
[Round "1.46"]
[White "Norinkeviciute, Rasa"]
[Black "Cundy, Mark A"]
[Result "1/2-1/2"]
[WhiteElo "1987"]
[BlackElo "1931"]
[PlyCount "90"]
[EventDate "2016.11.19"]
[WhiteTeam "Sussex Martlets 1"]
[BlackTeam "Warwickshire Select 2"]

1. c4 f5 2. g3 Nf6 3. Bg2 g6 4. Nc3 Bg7 5. f4 O-O 6. e3 d6 7. Nf3 c6 8. O-O Na6
9. d3 Bd7 10. Bd2 Rb8 11. a4 Nb4 12. Qe2 a5 13. Na2 Na6 14. Nc3 Nc5 15. Rab1
Qc7 16. d4 Nce4 17. Be1 Rfe8 18. Qd3 b6 19. Rc1 Rbd8 20. b3 Bc8 21. Ng5 Nxc3
22. Bxc3 h6 23. Nf3 Ne4 24. Ba1 Qd7 25. Nh4 d5 26. Nxg6 Ba6 27. Ne5 Bxe5 28.
fxe5 Qe6 29. Qc2 Rf8 30. Rf4 Rc8 31. Bf1 Bb7 32. Qe2 Kh7 33. Bh3 Qg6 34. e6 Ng5
35. Bg2 Nxe6 36. Rh4 Ng5 37. Bb2 Ne4 38. Ba3 Rf7 39. cxd5 cxd5 40. Rxc8 Bxc8
41. Qc2 Ba6 42. Qc7 Qg5 43. Rf4 Qg6 44. b4 axb4 45. Bxb4 Bd3 1/2-1/2

[Event "4NCL Division 2a"]
[Site "Reading, ENG"]
[Date "2016.11.19"]
[Round "1.47"]
[White "Ingram, Keith R"]
[Black "Higgs, Anthony R J"]
[Result "1/2-1/2"]
[WhiteElo "1977"]
[BlackElo "1963"]
[PlyCount "124"]
[EventDate "2016.11.19"]
[WhiteTeam "Warwickshire Select 2"]
[BlackTeam "Sussex Martlets 1"]

1. e4 d6 2. d4 Nf6 3. Nc3 Nbd7 4. Nf3 e5 5. dxe5 dxe5 6. a3 c6 7. Bc4 h6 8. O-O
Be7 9. Qe2 Qc7 10. b4 Nf8 11. Bb2 Ng6 12. Rfe1 O-O 13. Rad1 Bg4 14. Bc1 Nh4 15.
h3 Nxf3+ 16. gxf3 Bxh3 17. Kh2 Qc8 18. Rg1 Kh7 19. Rg3 Be6 20. Qe3 g5 21. Bxe6
Qxe6 22. Rh3 Rg8 23. Rg1 Ne8 24. Ne2 Nd6 25. Ng3 Rg6 26. Qd3 Qc4 27. Qxc4 Nxc4
28. Nf5 Bf6 29. Kg3 Rh8 30. Rgh1 Kg8 31. Rd1 h5 32. Rd7 g4 33. fxg4 Rxg4+ 34.
Kf3 Rg1 35. Rxb7 h4 36. Be3 Ra1 37. Rxa7 Rxa3 38. Rxa3 Nxa3 39. c3 Nb1 40. c4
Na3 41. c5 Nb5 42. Rh1 h3 43. Rg1+ Kf8 44. Ra1 Nc7 45. Bh6+ Ke8 46. Kg3 Rh7 47.
Kh2 Nb5 48. Be3 Kd7 49. Rd1+ Kc7 50. Rd3 Rh8 51. Bc1 Rg8 52. Rxh3 Kd7 53. Bb2
Ra8 54. Rh6 Ra2 55. Rxf6 Rxb2 56. Ng7 Ke7 57. Rxc6 Rxf2+ 58. Kg3 Rb2 59. Nf5+
Kd7 60. Rf6 Nc3 61. c6+ Kc7 62. Rxf7+ Kxc6 1/2-1/2

[Event "4NCL Division 2a"]
[Site "Reading, ENG"]
[Date "2016.11.19"]
[Round "1.48"]
[White "Liu, David J"]
[Black "Phillips, David"]
[Result "1-0"]
[WhiteElo "1911"]
[BlackElo "1675"]
[PlyCount "93"]
[EventDate "2016.11.19"]
[WhiteTeam "Sussex Martlets 1"]
[BlackTeam "Warwickshire Select 2"]

1. e4 c6 2. d4 d6 3. Nc3 Nd7 4. Nf3 e5 5. Bc4 Be7 6. O-O Ngf6 7. h3 O-O 8. dxe5
dxe5 9. Be3 b5 10. Bd3 b4 11. Ne2 Qc7 12. c3 a5 13. Rc1 Nc5 14. Bxc5 Bxc5 15.
cxb4 Bxb4 16. Qc2 Ba6 17. Rfd1 Rfd8 18. Bxa6 Rxa6 19. Rxd8+ Qxd8 20. Nxe5 h5
21. Nxf7 Qe7 22. Qc4 Qxf7 23. Qxa6 Nxe4 24. Qc4 c5 25. Qxe4 Qxa2 26. Qc4+ Qxc4
27. Rxc4 Kf7 28. b3 g6 29. f3 Ke6 30. Nf4+ Kf5 31. Kf2 Ba3 32. g4+ hxg4 33.
fxg4+ Kf6 34. Nd3 Ke6 35. Nxc5+ Kd5 36. Nd3 Bd6 37. Nf4+ Ke5 38. Nxg6+ Kd5 39.
h4 Bc5+ 40. Ke2 Bb4 41. h5 Ke6 42. h6 Kf6 43. h7 Kxg6 44. h8=Q Kf7 45. Qh6 Bf8
46. Rc7+ Ke8 47. Qe6+ 1-0

[Event "4NCL Division 2a"]
[Site "Northampton, ENG"]
[Date "2017.01.15"]
[Round "4.11"]
[White "Klingher, Dominic"]
[Black "Birtwistle, Nigel"]
[Result "0-1"]
[WhiteElo "2082"]
[BlackElo "2123"]
[PlyCount "48"]
[EventDate "2017.01.15"]
[WhiteTeam "Barbican 4NCL Youth"]
[BlackTeam "Grantham Sharks 2"]

1. f4 g6 2. e4 Bg7 3. Nc3 c5 4. Nf3 a6 5. a4 Nc6 6. Bc4 e6 7. O-O Nge7 8. Qe1
Nd4 9. Nxd4 cxd4 10. f5 dxc3 11. f6 cxb2 12. Bxb2 Qb6+ 13. Qf2 Qxb2 14. c3 Bxf6
15. Qxf6 Qb6+ 16. d4 Rf8 17. Rf3 Qc6 18. Bb3 Qxe4 19. Raf1 b6 20. c4 Nf5 21.
Rf4 Qe3+ 22. Kh1 Qxb3 23. d5 Qb4 24. g4 Ne3 0-1

[Event "4NCL Division 2a"]
[Site "Northampton, ENG"]
[Date "2017.01.15"]
[Round "4.12"]
[White "Tavares, Shawn P"]
[Black "Brett, Andrew R"]
[Result "0-1"]
[WhiteElo "2159"]
[BlackElo "2098"]
[PlyCount "57"]
[EventDate "2017.01.15"]
[WhiteTeam "Grantham Sharks 2"]
[BlackTeam "Barbican 4NCL Youth"]

1. e4 e5 2. Nf3 Nc6 3. Bc4 Nf6 4. O-O Nxe4 5. Qe2 d5 6. Bb5 Bd6 7. d3 Nf6 8.
Nxe5 O-O 9. Nxc6 bxc6 10. Bxc6 Bxh2+ 11. Kxh2 Qd6+ 12. Kg1 Ng4 13. g3 Qxc6 14.
Nc3 f5 15. Qf3 Be6 16. Re1 Qd7 17. Bf4 d4 18. Rxe6 Qxe6 19. Nd5 Rad8 20. Nxc7
Qd7 21. Qb7 Rc8 22. Qb3+ Kh8 23. Nb5 Qe8 24. Nxd4 h6 25. Kg2 g5 26. Bd2 f4 27.
Rh1 Rf6 28. Qd5 fxg3 29. Qxg5 0-1

[Event "4NCL Division 2a"]
[Site "Northampton, ENG"]
[Date "2017.01.15"]
[Round "4.13"]
[White "Stewart, Ashley"]
[Black "Varnam, Liam D"]
[Result "1-0"]
[WhiteElo "2117"]
[BlackElo "2120"]
[PlyCount "105"]
[EventDate "2017.01.15"]
[WhiteTeam "Barbican 4NCL Youth"]
[BlackTeam "Grantham Sharks 2"]

1. c4 e5 2. g3 Nf6 3. Bg2 d5 4. cxd5 Nxd5 5. Nc3 Nb6 6. Nf3 Nc6 7. O-O Be7 8.
d3 Be6 9. Be3 O-O 10. Rc1 f6 11. a3 Rf7 12. b4 a5 13. Bxb6 cxb6 14. b5 Nd4 15.
a4 Bb3 16. Qd2 Bb4 17. Qb2 Be6 18. Na2 Bc5 19. Rfe1 Qf8 20. Nxd4 exd4 21. Rc2
Rc7 22. e3 dxe3 23. fxe3 Ba3 24. Qb1 Rxc2 25. Qxc2 Qf7 26. Nc1 Rc8 27. Qb1 Bb4
28. Re2 Qh5 29. Bf1 Qf3 30. Nb3 Qd5 31. Nd4 Bg4 32. Rc2 Bc5 33. Bg2 Qe5 34. Be4
f5 35. Qb3+ Kh8 36. Qd5 Qxd5 37. Bxd5 Re8 38. Kf2 Bd1 39. Rc4 Rb8 40. Bf3 Bxf3
41. Kxf3 Rd8 42. Ne6 Rxd3 43. Nxc5 bxc5 44. Rxc5 g6 45. Rc7 Ra3 46. Kf4 Rxa4+
47. Kg5 Re4 48. Kf6 Re8 49. Rxb7 a4 50. b6 a3 51. Ra7 Rb8 52. b7 Rf8+ 53. Kg5
1-0

[Event "4NCL Division 2a"]
[Site "Northampton, ENG"]
[Date "2017.01.15"]
[Round "4.14"]
[White "Willis, Rupert"]
[Black "Whatley, Stephen A J"]
[Result "1/2-1/2"]
[WhiteElo "2169"]
[BlackElo "2127"]
[PlyCount "76"]
[EventDate "2017.01.15"]
[WhiteTeam "Grantham Sharks 2"]
[BlackTeam "Barbican 4NCL Youth"]

1. c4 f5 2. g3 Nf6 3. Nc3 d6 4. Bg2 g6 5. e3 Bg7 6. Nge2 O-O 7. O-O c6 8. b3 e5
9. d4 e4 10. Qc2 Na6 11. Ba3 Re8 12. b4 Be6 13. b5 Nb8 14. Rab1 Qc7 15. Rfc1
Nbd7 16. bxc6 bxc6 17. d5 cxd5 18. cxd5 Nxd5 19. Nxd5 Qxc2 20. Rxc2 Bxd5 21.
Nf4 Bf7 22. Bxd6 Nb6 23. Bf1 Rac8 24. Rbc1 Bxa2 25. Bc7 Bb3 26. Rc6 Nd5 27.
Nxd5 Bxd5 28. Rd6 Bf7 29. Ba6 Rxc7 30. Rxc7 Be5 31. Rdd7 Bxc7 32. Rxc7 Ra8 33.
h3 Bd5 34. g4 fxg4 35. hxg4 Be6 36. g5 Bf7 37. Kh2 Re8 38. Rxa7 Re5 1/2-1/2

[Event "4NCL Division 2a"]
[Site "Northampton, ENG"]
[Date "2017.01.15"]
[Round "4.15"]
[White "Rice, Chris B"]
[Black "Murphy, Hugh W"]
[Result "0-1"]
[WhiteElo "2027"]
[BlackElo "2094"]
[PlyCount "42"]
[EventDate "2017.01.15"]
[WhiteTeam "Barbican 4NCL Youth"]
[BlackTeam "Grantham Sharks 2"]

1. c4 b6 2. Nc3 Bb7 3. e4 e5 4. g3 f5 5. Bg2 Nf6 6. d3 Bc5 7. Nh3 O-O 8. O-O
fxe4 9. Ng5 Kh8 10. Ngxe4 Nxe4 11. Nxe4 Na6 12. Nxc5 Bxg2 13. Nxa6 Bf3 14. Qa4
Qc8 15. h4 c5 16. b4 d6 17. Kh2 Bb7 18. b5 Qg4 19. Nc7 Rac8 20. d4 Rxc7 21. d5
Bxd5 0-1

[Event "4NCL Division 2a"]
[Site "Northampton, ENG"]
[Date "2017.01.15"]
[Round "4.16"]
[White "Purton, Ben J"]
[Black "Hughes, Roy"]
[Result "1/2-1/2"]
[WhiteElo "2115"]
[BlackElo "1998"]
[PlyCount "57"]
[EventDate "2017.01.15"]
[WhiteTeam "Grantham Sharks 2"]
[BlackTeam "Barbican 4NCL Youth"]

1. e4 d5 2. exd5 Qxd5 3. Nc3 Qd6 4. d4 Nf6 5. Bd3 c6 6. Nge2 Bg4 7. f3 Bh5 8.
Bf4 Qd8 9. Qd2 e6 10. O-O-O Be7 11. h4 Bg6 12. Bg5 Bxd3 13. Qxd3 Nbd7 14. Kb1
Qa5 15. Rhe1 h6 16. Bd2 Qc7 17. g4 O-O-O 18. Qc4 Nb6 19. Qb3 Nbd5 20. g5 Nxc3+
21. bxc3 Nd7 22. g6 fxg6 23. Nf4 Nf8 24. Nxe6 Nxe6 25. Qxe6+ Rd7 26. Qg4 Bf6
27. Re4 Qa5 28. Qxg6 Rhd8 29. Qg4 1/2-1/2

[Event "4NCL Division 2a"]
[Site "Northampton, ENG"]
[Date "2017.01.15"]
[Round "4.17"]
[White "Keen, Cosima"]
[Black "Milson, Samuel A"]
[Result "0-1"]
[WhiteElo "1844"]
[BlackElo "2079"]
[PlyCount "68"]
[EventDate "2017.01.15"]
[WhiteTeam "Barbican 4NCL Youth"]
[BlackTeam "Grantham Sharks 2"]

1. e4 e5 2. Nf3 Nc6 3. Bc4 Bc5 4. c3 Nf6 5. d4 exd4 6. cxd4 Bb4+ 7. Bd2 Bxd2+
8. Nbxd2 d5 9. exd5 Nxd5 10. Qb3 Na5 11. Qa4+ c6 12. Bxd5 Qxd5 13. O-O O-O 14.
Rac1 Qb5 15. Qa3 b6 16. b4 Nb7 17. Ne5 Nd8 18. Qc3 Be6 19. Ndc4 f6 20. Nd3 Qg5
21. Kh1 h5 22. Rce1 h4 23. Re3 Bd5 24. Ne1 Ne6 25. Nf3 Qh5 26. Nb2 h3 27. Rg1
hxg2+ 28. Rxg2 Nf4 29. Rg3 Rae8 30. Qd2 Nh3 31. Nd3 Rxe3 32. Qxe3 Re8 33. Rxh3
Rxe3 34. Rxh5 Bxf3+ 0-1

[Event "4NCL Division 2a"]
[Site "Northampton, ENG"]
[Date "2017.01.15"]
[Round "4.18"]
[White "Munshi, Aditya"]
[Black "Klingher, Bernard"]
[Result "1-0"]
[WhiteElo "1764"]
[BlackElo "1310"]
[PlyCount "39"]
[EventDate "2017.01.15"]
[WhiteTeam "Grantham Sharks 2"]
[BlackTeam "Barbican 4NCL Youth"]

1. e4 g6 2. d4 Bg7 3. Nc3 e6 4. Be3 Ne7 5. Bd3 O-O 6. Qd2 Re8 7. h4 Nbc6 8. Nf3
Nb4 9. Be2 d5 10. e5 Nf5 11. Bf4 Nc6 12. g4 Nfe7 13. Bg5 a6 14. Bf6 Bd7 15.
Bxg7 Kxg7 16. h5 Rh8 17. hxg6 hxg6 18. O-O-O Qg8 19. Qf4 Rf8 20. Qf6# 1-0

[Event "4NCL Division 2a"]
[Site "Northampton, ENG"]
[Date "2017.01.15"]
[Round "4.21"]
[White "Buckley, David E"]
[Black "Cumming, Rhys"]
[Result "0-1"]
[WhiteElo "2281"]
[BlackElo "2161"]
[PlyCount "70"]
[EventDate "2017.01.15"]
[WhiteTeam "Downend & Fishponds"]
[BlackTeam "Sussex Martlets 1"]

1. d4 Nf6 2. c4 g6 3. Nc3 d5 4. Nf3 Bg7 5. Qb3 dxc4 6. Qxc4 O-O 7. e4 a6 8. e5
b5 9. Qb3 Nfd7 10. h4 c5 11. e6 c4 12. exf7+ Rxf7 13. Qd1 e5 14. dxe5 Qe8 15.
e6 Nc5 16. Be3 Nxe6 17. Be2 Bb7 18. Qd6 Nc6 19. h5 gxh5 20. O-O Nf4 21. Bxf4
Rd8 22. Qc5 Rxf4 23. Rfe1 Qg6 24. Qb6 Rf7 25. a4 Rd6 26. Nh4 Bd4 27. Qxd4 Nxd4
28. Nxg6 Rxg6 29. Bf1 Nf3+ 30. Kh1 Nxe1 31. Rxe1 Rxf2 32. axb5 Rxf1+ 33. Rxf1
Bxg2+ 34. Kg1 Bxf1+ 35. Kxf1 axb5 0-1